Los pueblos malditos (Registro nro. 104537)

Detalles MARC
000 -LEADER
campo de control de longitud fija 00600nam a2200169 i 4500
001 - NÚMERO DE CONTROL
campo de control 104537
003 - IDENTIFICADOR DE NÚMERO DE CONTROL
campo de control ES-MaACL
005 - FECHA Y HORA DE LA ÚLTIMA TRANSACCIÓN
campo de control 20230906183629.0
007 - CAMPO FIJO DE DESCRIPCIÓN FÍSICA--INFORMACIÓN GENERAL
campo de control de longitud fija t|
008 - DATOS DE LONGITUD FIJA--INFORMACIÓN GENERAL
campo de control de longitud fija 051201s1978 sp ||||1| spa d
100 1# - ENTRADA PRINCIPAL--NOMBRE DE PERSONA
Nombre de persona Miner Otamendi, José Manuel.
9 (RLIN) 81322
245 14 - MENCIÓN DEL TÍTULO
Título Los pueblos malditos
Resto del título : (agotes, pasiegos, vaqueiros de alzada, maragatos, chuetas) /
Mención de responsabilidad, etc. José Manuel Miner Otamendi; introducción de Florencio Martínez Ruiz.
260 ## - PUBLICACIÓN, DISTRIBUCIÓN, ETC.
Lugar de publicación, distribución, etc. Madrid :
Nombre del editor, distribuidor, etc. Espasa-Calpe,
Fecha de publicación, distribución, etc. 1978.
300 ## - DESCRIPCIÓN FÍSICA
Extensión 160 p. ;
Dimensiones 17 cm.
700 1# - ENTRADA AGREGADA--NOMBRE PERSONAL
Nombre de persona Martínez Ruiz, Florencio.
9 (RLIN) 78387
852 ## - LOCALIZACIÓN
Ubicación ES-MaACL
Número de control de estantería A-9368
Sublocalización o colección R.98980
Existencias
Estatus retirado Estado de pérdida Estado de daño No para préstamo Biblioteca de origen Biblioteca actual Ubicación en estantería Fecha de adquisición Fuente de adquisición Total de préstamos Signatura topográfica completa Código de barras Visto por última vez Precio de reemplazo Tipo de ítem Koha
        Biblioteca del Ateneo de Madrid Biblioteca del Ateneo de Madrid Depósito 1 17/01/2008     A-9368 1109142 23/02/2023 23/02/2023 Libro impreso